Data Science Projects with Python /

Gain hands-on experience with industry-standard data analysis and machine learning tools in Python Key Features Tackle data science problems by identifying the problem to be solved Illustrate patterns in data using appropriate visualizations Implement suitable machine learning algorithms to gain ins...

Full description

Bibliographic Details
Main Author: Klosterman, Stephen (Author)
Corporate Author: Safari, an O'Reilly Media Company
Format: eBook
Language:English
Published: Packt Publishing, 2019.
Edition:1st edition.
Subjects:
Online Access:Connect to this electronic resource

MARC

Tag First Indicator Second Indicator Subfields
LEADER 00000uam a2200000 a 4500
001 in00004440821
005 20260128183905.8
006 m o d
007 cr cn
008 091020s2019 xx o eng
020 |z 9781838551025 
020 |z 9781838552602 
024 8 |a 9781838551025 
035 |a (CaSebORM)9781838551025 
040 |d UtOrBLW 
041 0 |a eng 
100 1 |a Klosterman, Stephen,  |e author. 
245 1 0 |a Data Science Projects with Python /  |c Klosterman, Stephen. 
250 |a 1st edition. 
264 1 |b Packt Publishing,  |c 2019. 
300 |a 1 online resource (374 pages) 
336 |a text  |b txt  |2 rdacontent 
337 |a computer  |b c  |2 rdamedia 
338 |a online resource  |b cr  |2 rdacarrier 
347 |a text file 
520 |a Gain hands-on experience with industry-standard data analysis and machine learning tools in Python Key Features Tackle data science problems by identifying the problem to be solved Illustrate patterns in data using appropriate visualizations Implement suitable machine learning algorithms to gain insights from data Book Description Data Science Projects with Python is designed to give you practical guidance on industry-standard data analysis and machine learning tools, by applying them to realistic data problems. You will learn how to use pandas and Matplotlib to critically examine datasets with summary statistics and graphs, and extract the insights you seek to derive. You will build your knowledge as you prepare data using the scikit-learn package and feed it to machine learning algorithms such as regularized logistic regression and random forest. You'll discover how to tune algorithms to provide the most accurate predictions on new and unseen data. As you progress, you'll gain insights into the working and output of these algorithms, building your understanding of both the predictive capabilities of the models and why they make these predictions. By then end of this book, you will have the necessary skills to confidently use machine learning algorithms to perform detailed data analysis and extract meaningful insights from unstructured data. What you will learn Install the required packages to set up a data science coding environment Load data into a Jupyter notebook running Python Use Matplotlib to create data visualizations Fit machine learning models using scikit-learn Use lasso and ridge regression to regularize your models Compare performance between models to find the best outcomes Use k-fold cross-validation to select model hyperparameters Who this book is for If you are a data analyst, data scientist, or business analyst who wants to get started using Python and machine learning techniques to analyze data and predict outcomes, this book is for you. Basic knowledge of Python and data analytics will help you get the most from this book. Familiarity with mathematical concepts such as algebra and basic statistics will also be useful. 
533 |a Electronic reproduction.  |b Boston, MA :  |c Safari,  |n Available via World Wide Web.  |d 2019. 
538 |a Mode of access: World Wide Web. 
542 |f Copyright © 2019 Packt Publishing  |g 2019 
550 |a Made available through: Safari, an O'Reilly Media Company. 
588 0 |a Online resource; Title from title page (viewed April 30, 2019) 
500 |a Electronic resource. 
655 7 |a Electronic books.  |2 local 
710 2 |a Safari, an O'Reilly Media Company. 
856 4 0 |u https://proxy.library.tamu.edu/login?url=https://go.oreilly.com/TAMU/library/view/-/9781838551025/?ar  |z Connect to this electronic resource  |t 0 
999 f f |s d31b5ce9-52d5-32b8-96c4-0c04652eafa8  |i aa8bf479-eba0-3d7c-817f-e18ab82d7327  |t 0 
952 f f |a Texas A&M University  |b College Station  |c Electronic Resources  |s www_evans  |d Available Online  |t 0  |h No information provided 
998 f f |t 0  |l Available Online